Sports Quiz

Random Sports Quiz
Score 0/9 Timer 04:00
0 Plays Today
Hint Answer % Correct
#19 first basejoey votto
92.2%
#32 right fielder jay bruce
84.4%
#4 second base brandon phillips
84.4%
#21 thrid basetodd frazier
73.4%
#2 shortstopzack cozart
70.3%
#39 catcherdevin mesoraco
65.6%
#17 center fielder shin soo choo
64.1%
#29 catcher ryan hanigan
62.5%
#48 left fielder ryan ludwike
3.1%

You're not logged in!

Compare scores with friends on all Sporcle quizzes.
OR
Log In

Sporcle TV

Today on Sporcle TV


Watch our educational content, quiz creation guides, and fun videos on Sporcle TV.

Show Comments

Extras

Created Oct 14, 2013ReportNominate
Tags:2013, cincinnati, Player, Red, Starting

Top Quizzes Today


Score Distribution

Paid Content

Your Account Isn't Verified!

In order to create a playlist on Sporcle, you need to verify the email address you used during registration. Go to your Sporcle Settings to finish the process.

Report this User

Report this user for behavior that violates our Community Guidelines.

Details: